000 00721na a2200217 4500
001 21138
003 MIRAKIL
005 20181213155129.0
008 170207b tu 000 0
040 _aMilas
_btur
_cTR-AnCHP
041 _atur
082 _a351.7223
_bB29i 2009
090 _a351.7223 B29i 2009
110 _aBayındırlık ve İskan Bakanlığı
245 _a2009 yılı bütçe tasarısı
_cBayındırlık ve İskan Bakanlığı
260 _aAnkara
_bBayındırlık ve İskan Bakanlığı
_c2009
300 _ayaklaşık 50 s.
_btbl.
_c20 sm.
610 _aBayındırlık ve İskan Bakanlığı
_xBütçe tasarısı
_y2009
710 _aT.C. Bayındırlık ve İskan Bakanlığı
942 _2ddc
_cBKS
999 _c7146
_d7146